Gabriel Garcia Marquez Novels Quiz Stats

 Plays Quiz Updated Apr 17, 2014

Support Sporcle.
Go Orange.
Score 0/12 Timer 04:00
0 Plays Today
Year Published Title % Correct
1967One Hundred Years of Solitude
90.7%
1985Love in the Time of Cholera
82.7%
1981Chronicle of a Death Foretold
34.4%
1989The General in His Labyrinth
26.3%
1975The Autumn of the Patriarch
24.8%
1952Leaf Storm
24.6%
1956-57No One Writes to the Colonel
24.2%
2004Memories of My Melancholy ****
22.2%
1994Of Love and Other Demons
17.1%
1962In the Evil Hour
15.5%
1992Strange Pilgrims
12.1%
1978Innocent Eréndira and Other Stories
7.2%

You're not logged in!

Compare scores with friends on all Sporcle quizzes.
OR
Log In
Forgot?

From the Vault

Shakespeare Sonnet First Words

by druhutch

You can't handle the sonnets!
Remove Ads.
Support Sporcle.
Get the best of Sporcle when you Go Orange. This ad-free experience offers more features, more stats, and more fun while also helping to support Sporcle. Thank you for becoming a member.

Show Comments

Extras

Top Quizzes Today


Score Distribution

Your Account Isn't Verified!

In order to create a playlist on Sporcle, you need to verify the email address you used during registration. Go to your Sporcle Settings to finish the process.

Report this User

Report this user for behavior that violates our Community Guidelines.

Details: